logo

Bir Sreshtho Munshi Abdur Rouf Library
Jhenaidah Cadet College

Elementary technical mathematics / (Record no. 7417)

MARC details
000 -LEADER
fixed length control field 00769cam a2200277 a 4500
001 - CONTROL NUMBER
JCCL Control Number 7417
003 - CONTROL NUMBER IDENTIFIER
JCCL marc code BD-JhCC
005 - DATE AND TIME OF LATEST TRANSACTION
control field 20180210094745.0
008 - FIXED-LENGTH DATA ELEMENTS--GENERAL INFORMATION
fixed length control field 860701s1987 caua b 001 0 eng
020 ## - INTERNATIONAL STANDARD BOOK NUMBER
International Standard Book Number 0534076262 (pbk.) :
Terms of availability $24.00 (est.)
035 ## - SYSTEM CONTROL NUMBER
system control number (BD-JhCC)7417
040 ## - CATALOGING SOURCE
Original cataloging agency DLC
Transcribing agency DLC
Modifying agency DLC
-- (BD-JhCC)
041 ## - LANGUAGE CODE
Language code of Book eng
050 10 - LIBRARY OF CONGRESS CALL NUMBER
Classification number QA39.2
Item number .E9396 1987
082 00 - DEWEY DECIMAL CLASSIFICATION NUMBER
Classification number 512/.1
DDC Edition number 19
Author mark and Year EWE 1987
100 1# - MAIN ENTRY--PERSONAL NAME
Personal name Ewen, Dale,
Dates associated with a name 1941-
245 10 - TITLE STATEMENT
Title Elementary technical mathematics /
Statement of responsibility, etc Dale Ewen, C. Robert Nelson.
250 ## - EDITION STATEMENT
Edition statement 4th ed.
260 ## - PUBLICATION, DISTRIBUTION, ETC. (IMPRINT)
Place of publication, distribution, etc Belmont, Calif. :
Name of publisher, distributor, etc Wadsworth,
Date of publication, distribution, etc c1987.
300 ## - PHYSICAL DESCRIPTION
Pagination x, 597 p. :
Other physical details ill. ;
Dimensions 28 cm.
500 ## - GENERAL NOTE
General note Includes index.
650 #0 - SUBJECT ADDED ENTRY--TOPICAL TERM
Topical term or geographic name as entry element Mathematics.
700 1# - ADDED ENTRY--PERSONAL NAME
Personal name Nelson, C. Robert.
942 ## - ADDED ENTRY ELEMENTS (KOHA)
Source of classification or shelving scheme Dewey Decimal Classification
Koha item type Books
Holdings
Source of classification or shelving scheme Damaged status Not for loan Home library Current library Shelving location Date of accession Total Checkouts Full call number Barcode Date last seen Copy number Koha item type
Dewey Decimal Classification     JCC Rouf Library JCC Rouf Library General Stacks 02/10/2018   512/.1 EWE 1987 8592 02/10/2018 C - 1 Books

JCC Library | Contacts | JCC Home

Last Update on 23 September 2017
Copyright @ 2017-2020 JCC Rouf Library
Rouf Library, Jhenidah Cadet College (JCC), Bangladesh